LEADER 03180nam 2200613Ia 450 001 9910456086403321 005 20200520144314.0 010 $a1-280-04149-8 010 $a9786610041497 010 $a0-585-46809-5 010 $a92-4-068013-6 035 $a(CKB)111087028329484 035 $a(EBL)284679 035 $a(OCoLC)171583323 035 $a(SSID)ssj0000113234 035 $a(PQKBManifestationID)11141499 035 $a(PQKBTitleCode)TC0000113234 035 $a(PQKBWorkID)10100139 035 $a(PQKB)11730942 035 $a(MiAaPQ)EBC284679 035 $a(Au-PeEL)EBL284679 035 $a(CaPaEBR)ebr10040299 035 $a(CaONFJC)MIL4149 035 $a(EXLCZ)99111087028329484 100 $a20030227d2002 uf 0 101 0 $aeng 135 $aur|n|---||||| 181 $ctxt 182 $cc 183 $acr 200 04$aThe Blood cold chain$b[electronic resource] $eguide to the selection and procurement of equipment and accessories 210 $aGeneva $cWorld Health Organization$d2002 215 $a1 online resource (74 p.) 300 $aPrepared under the direction of David Mvere and edited by Kay Bond--p. [ii]. 311 $a92-4-154579-8 327 $aContents; Important note to readers; List of products featured in this guide; Abbreviations; Glossary; Preface; Chapter 1. Introduction to the WHO Blood Cold Chain Project; Chapter 2. The blood cold chain process; Chapter 3. Blood bank refrigerators; Chapter 4. Plasma freezers; Chapter 5. Platelet agitators; Chapter 6. Plasma Thawing Equipment; Chapter 7. Blood Transport Boxes and Coolants; Chapter 8. Temperature monitoring devices; Chapter 9. Accessories to the blood cold chain equipment; Chapter 10. Equipment maintenance; Chapter 11. Selecting and procuring blood cold chain equipment 327 $aAnnex 1: Self Assessment Questionnaire on the Status of the Blood Cold ChainAnnex 2: Chlorofluorocarbons (CFC) in Blood Cold Chain Equipment; Annex 3: Description of codes used on page vi 330 $aThis publication aims to provide practical guidance to all those involved in the management of blood programmes. Following an introduction to the blood cold chain management process, seven chapters provide a detailed description of blood bank refrigerators, plasma freezers, platelet agitators, plasma thawing equipment, blood transport boxes and coolants, temperature monitoring devices, as well as other blood cold chain accessories. Each chapter provides WHO minimum performance specifications for the equipment, and selected product information on equipment evaluated by WHO. A specific chapter i 606 $aBlood$xCollection and preservation$xEquipment and supplies 606 $aRefrigerators 608 $aElectronic books. 615 0$aBlood$xCollection and preservation$xEquipment and supplies. 615 0$aRefrigerators. 676 $a615.39 676 $a615/.39/0284 701 $aMvere$b David$0867348 701 $aBond$b Kay$0867349 801 0$bMiAaPQ 801 1$bMiAaPQ 801 2$bMiAaPQ 906 $aBOOK 912 $a9910456086403321 996 $aThe Blood cold chain$91936041 997 $aUNINA LEADER 01138nam 2200397 450 001 9910793883103321 005 20230817182525.0 010 $a1-910979-77-5 010 $a1-910979-78-3 035 $a(CKB)4100000009443965 035 $a(MiAaPQ)EBC5909528 035 $a(EXLCZ)994100000009443965 100 $a20191029d2019 uy 0 101 0 $aeng 135 $aurcnu|||||||| 181 $ctxt$2rdacontent 182 $cc$2rdamedia 183 $acr$2rdacarrier 200 12$aA woman in law $ereflections on gender, class and politics /$fCelia Wells ; with a foreword by Nicola Lacey 210 1$aHook, Hampshire :$cWaterside Press,$d[2019] 210 4$dİ2019 215 $a1 online resource (200 pages) $cillustrations 300 $aIncludes index. 311 $a1-909976-66-0 606 $aLaw teachers$zGreat Britain 615 0$aLaw teachers 676 $a340.071141 700 $aWells$b Celia$0476676 702 $aLacey$b Nicola 801 0$bMiAaPQ 801 1$bMiAaPQ 801 2$bMiAaPQ 906 $aBOOK 912 $a9910793883103321 996 $aA woman in law$93734947 997 $aUNINA